| 000 | 00369nam a2200121 i 4500 | ||
|---|---|---|---|
| 001 | bg | ||
| 245 | 0 |
_aSystem terenowych organów władzy i administracji państwowej w europejskich państwach socjalistycznych / _cpod red. Barbary Zawadzkiej. |
|
| 260 |
_aWrocław, _c1985. |
||
| 040 | _cBPK | ||
| 041 | _apol | ||
| 942 | _cKS | ||
| 008 | s pl f |000 0 pol | ||
| 999 |
_c28181 _d28181 |
||
| 856 |
_uhttp://koha.tu.koszalin.pl/cgi-bin/koha/opac-detail.pl?biblionumber=28181 _yKatalog online BPK |
||